| 000 | 00817nac a22001811u 4500 | ||
|---|---|---|---|
| 020 | _a0070587345 | ||
| 082 |
_a658.404 _bP999 |
||
| 090 |
_c1107 _d1107 |
||
| 100 | _aPyzdek, Thomas. | ||
| 245 |
_aThe Six Sigma project planner : _ba step-by-step guide to leading a Six Sigma project through DMAIC / _cThomas Pyzdek. |
||
| 260 |
_aNew Delhi : _bTata McGraw-Hill Pub. Co., _c2003. |
||
| 300 |
_axviii, 242 p. : _b ill. ; _c28 cm. |
||
| 504 | _aIncludes bibliographical references. | ||
| 650 |
_aProject management _vHandbooks, manuals, etc. |
||
| 650 |
_aSix sigma (Quality control standard) _vHandbooks, manuals, etc. |
||
| 942 |
_cBB _k658.404P999 |
||
| 999 |
_c1107 _d1107 |
||